000 00864cam5a220026500 4500
001 lce00806418
008 720713s1971 enk 000 1 eng
010 _a 72181345 //r83
015 _aB71-26066
020 _a0714508071
_a0714508764 (pbk)
020 _cL.2.50
035 _a(Sirsi) r16664
035 _a(DLC) 72181345 //r83
035 _a(UPRA)lce00806418
041 1 _aeng ger
_heng ger
050 0 _aPZ4.C7585
_bDe3
_aPT2663.O53
082 _a833/.9/14
100 1 _aConta, Manfred von, 1931-
_dConta, Manfred von, 1931-
_6A74195.1
240 1 0 _aTotmacher. English
_lTotmacher. English
245 1 4 _aThe deathbringer:
_ba novel;
_ctranslated from the German by Eva Figes.
260 _aLondon,
_bCalder and Boyars,
_c1971.
500 _aTranslation of Der Totmacher.
949 _aPZ4.C7585
_wlcc
_i-11686
_mMAIN
_tBOOK
_lON-SHELF
004 16664
999 _c158439
_d158439